Parlamento y prensa: hechos y figuras. El Legislador visto por el periodista - crónicas de la primera legislatura del siglo XXI
Uloženo v:
| Hlavní autor: | |
|---|---|
| Korporativní autor: | |
| Médium: | Text |
| Vydáno: |
San José:
Asamblea Legislativa
|
| Témata: | |
| Tagy: |
Přidat tag
Žádné tagy, Buďte první, kdo vytvoří štítek k tomuto záznamu!
|
MARC
| LEADER | 00000 a a2200000 04500 | ||
|---|---|---|---|
| 001 | 30466 | ||
| 003 | |||
| 040 | |||
| 020 | |a 9968-35-013-3 | ||
| 090 | |a 195100 | ||
| 100 | |a Hernández Valle, Walter | ||
| 110 | |a La Prensa Libre | ||
| 245 | |a Parlamento y prensa: hechos y figuras. El Legislador visto por el periodista - crónicas de la primera legislatura del siglo XXI | ||
| 260 | |a San José: |b Asamblea Legislativa | ||
| 300 | |a 136 p. | ||
| 500 | |a Incluye lista de diputados Legislatura 1998-2002. El articulo de la primera parte del libro se enIncluye lista de diputados Legislatura 1998-2002. El articulo de la primera parte del libro se encuentra en Na. 140201-20 en revista PARLAMENTARIA, No. 2 vol.7 | ||
| 650 | |a PODER POLITICO | ||
| 650 | |a PRENSA | ||
| 650 | |a HISTORIA POLITICA | ||
| 650 | |a REFORMA POLITICA | ||
| 999 | |c 15733 |d 15733 | ||



